000 00636nam a2200205 a 4500
001 000039349
003 DO-SdBNP
005 20210823095303.0
008 110415s2006 dr a 000 0 spa d
040 _aDO-SdBNP
_bspa
_cBNPHU
082 _a333.7932
_bR426m
110 1 _aEmpresa de Generación Hidroeléctrica Dominicana
_910189
245 1 0 _aMemoria :
_bnoviembre 2005 - octubre 2006.
260 _aSanto Domingo :
_bEGEHID,
_c2006.
300 _a83 p. :
_bil., retr. ;
_c28 cm.
590 _aInventariado, 2021 / DG
650 4 _aEnergía eléctrica
_xHistoria
_zRepública Dominicana
_979507
910 _aD/G
942 _2ddc
_cLBS1
999 _c38839
_d38839